Statistiques concernant Personnages historiques commençant par un E.

Cliquez ici pour prendre le quiz!

Statistiques générales

  • Ce quiz a été pris 736 fois
  • Le résultat moyen est 5 sur 9

Statistiques - réponses

Réponse% Correct
Albert Einstein
99%
Euclide
80%
Dwight Eisenhower
65%
Gustave Eiffel
62%
Thomas Edison
53%
Didier Érasme
36%
Érik Le Rouge
30%
Adolf Eichmann
28%
Euripide
20%

Distribution des résultats

Percentile par nombre de réponses

% des personnes avec chaque résultat

Votre développement - résultats

Vous n’avez pas pris ce quiz